000 00843nam a22002297a 4500
005 20100806165028.0
010 _aENG-98777
020 _a9788189781804
_c120.00
035 _aEN-82309
037 _bDBAD.PUB
082 _a515.33
100 _aMukherjee, Subir Kumar
_99131
245 _aAdvanced differential calculus on several variables /
_cby Subir Kumar Mukherjee
260 _aKolkata
_bAcademic Publications
_c2009
270 _a131B,A,J.C. Bose Road,
_bKolkata
_e700009
300 _a162p.
_c23cm (pbk)
500 _aIncludes index
650 _aDifferential Calculus
_zVariable (Mathematics)
_99132
700 _aModi, Renu
_98138
942 _2ddc
_cEN
_h515.33
_mMUJ
999 _c39936
_d39936